000 00632nam a2200229 a 4500
001 BRCA_7617
005 20190320205919.0
008 080713s1951----enka######---#000-0#eng-#
041 _aeng
044 _aenk
050 4 _aNK2715
_b.E39 1951
100 1 _aEdwards, Ralph
_913347
245 1 0 _aA history of the english chair
_cby Ralph Edwards.
260 _aLondres
_bH. M. Stationery Office
_c1951
300 _a30 p.
_bil., 120 láminas
_c24 cm.
500 _aIncluye índice de ilustraciones
500 _aT22
650 1 4 _aSillas
_zInglaterra
_918789
650 1 4 _aMuebles ingleses
_99632
902 _aGFM
942 _2lcc
_cB
999 _c7291
_d7291